00350nam a2200121Ia 450000500170000000800410001708200130005810000190007124500580009026000450014830000120019350000230020520250314021715.0240331s9999 xx 000 0 und d bGUNa894 aGunaratnam, S  0aSontham eppothum thodar kathaithan and puthiya pathai aBatticaloab St. Sebastian Achagamc1990 a49 p ., aKuru Naval inaippu